000 01057nam a2200301 4500
003 EC-UNACH
005 20251016163320.0
006 s||||gr|||| 00| 00
008 150116t9999 mx r gr 000 0 spa d
020 _a9978-45-194-3
040 _aEC-UNACH
_cEC-UNACH
041 _aspa
082 0 4 _223
_a348.04
_bl004180
110 _aEdilex s.a
245 _aPractica notarial y registral
250 _aPrimera Edición
264 _aEcuador
_bEdilex s.a
_c2007
300 _a310
505 _aCapítulo 1- La actividad notarial en Ecuador Capitulo 2- Análisis de la ley de registro de inscripciones en base a los principios Capítulo 3 - La escritura publica de compra y venta en el comercio inmobiliario Ecuatoriano Capitulo 4- Modelo de varias minutas
650 _aPractica notarial
650 _aActividad notarial
650 _aPrincipios del derecho notarial
700 _aBécquer Carvajal Flor
942 _2ddc
_c1
999 _c14023